| 000 | 00705nam a2200205 i 4500 | ||
|---|---|---|---|
| 001 | 166441 | ||
| 003 | ES-MaACL | ||
| 005 | 20230906213332.0 | ||
| 008 | 020816s1889 fr |||| | fre d | ||
| 040 |
_aCCPB | B _bspa _cCCPB | B |
||
| 100 | 1 |
_aTommasi, Donato. _9133292 |
|
| 245 | 1 | 0 |
_aTraite théorique et pratique d'électrochimie / _cpar Donato Tommasi. |
| 260 |
_aParis : _bE. Bernard & Cie, _c1889. |
||
| 300 |
_aXII, 1102, p. XV-CXIX p. ; _c28 cm. |
||
| 505 | 8 | _aContiene: Électrolyse - galvanoplastie - dorure -argenture - nickelage ... | |
| 596 | _aMarca tip. en port. | ||
| 650 | 0 | 4 |
_aElectroquímica. _912168 |
| 752 |
_aFrancia - _dParís |
||
| 852 |
_aES-MaACL _jB-10961 _z- Enc. pasta |
||
| 999 |
_c166441 _d166441 |
||